| 000 | 01062cam a2200301 a 4500 | ||
|---|---|---|---|
| 001 | 9053 | ||
| 003 | BD-RjUL | ||
| 005 | 20211208234716.0 | ||
| 008 | 140120r2004 njua b 001 0 eng | ||
| 020 | _a013805715X | ||
| 035 | _a(BD-RjUL) 9098 | ||
| 040 |
_aDLC _cDLC _dDLC _dBD-RjUL _beng |
||
| 041 | _aeng | ||
| 082 | 0 | 0 |
_a530 _221 _bTAM 2005 |
| 100 | 1 |
_aTaylor, John R. _q(John Robert), _d1939- _927687 |
|
| 245 | 1 | 0 |
_aModern physics for scientists and engineers / _cJohn R Taylor, Chris D Zafiratos and Michael A Dubson. |
| 250 | _a2nd ed. | ||
| 260 |
_aIndia ; _aUpper Saddle River, NJ : _bPearson Prentice Hall, _cc2004 [reprinted] |
||
| 300 |
_axvi, 720 p. : _bill. (some col.) ; _c27 cm. |
||
| 504 | _aIncludes bibliographical references (p. 697-698) and index. | ||
| 650 | 0 |
_aPhysics. _928102 |
|
| 700 | 1 |
_aZafiratos, Chris D. _928103 |
|
| 700 | 1 |
_aDubson, Michael Andrew, _d1956- _928104 |
|
| 856 | 4 | 1 |
_3Table of contents _uhttp://www.loc.gov/catdir/toc/fy042/2002038199.html |
| 942 |
_2ddc _cBK |
||
| 999 |
_c9053 _d9053 |
||